000 01103nam a2200277Ia 4500
003 OSt
005 20220930092843.0
006 a|||||r|||| 00| 0
007 ta
008 220926b |||||||| |||| 00| 0 eng d
024 _a25348
037 _cTheses
040 _aCRL
_cCRL
_beng
041 _2eng
_aeng
100 _aKarthikeyan. P
_9549854
110 _aUniversity OF Delhi. Faculty OF Medical Sciences. Department OF Biochemistry
_9520387
245 0 _aStudy of synergistic effect of - 174 g/c polymorphism of promoter region of il- 6 gene and 469 e/k polymorphism of icam - 1gene in patients of ischemic stroke and their association with stroke severity and outcome
260 _c2015
650 _aBIOCHEMISTRY
700 _a Dr. Debashish Chowdhury Gu.
_9538297
700 _a Dr. P. C. Roy Gu.
_9549855
700 _a Dr. Sarita Agarwal Gu.
700 _aUniversity OF Delhi. Faculty OF Medical Sciences. Department OF Biochemistry
_9520389
942 _cDIS
_2CC
999 _c884393
_d884393